Meaningful Anagrams - Statistics

General Stats
  • This quiz has been taken 496 times
  • The average score is 7 of 15
Answer Stats
Hint Answer % Correct
Car Arc
98%
Vase Save
84%
Inch Chin
82%
Grab Brag
80%
Below Elbow
68%
State Taste
64%
Night Thing
59%
Desserts Stressed
38%
Listen Silent
36%
Cider Cried
31%
Real fun Funeral
26%
Moon starer Astronomer
8%
Dirty room Dormitory
8%
Stamp Store Postmaster
6%
Voices rant on Conversation
5%
No matching quizzes found
Score Distribution
Percent of People with Each Score
Percentile by Number Answered
Your Score History
You have not taken this quiz